Brazilian State Flags - Statistics

General Stats
  • This quiz has been taken 646 times
  • The average score is 18 of 27
Answer Stats
Picture Answer % Correct
São Paulo
91%
Paraná
86%
Bahia
78%
Rio de Janeiro
78%
Acre
75%
Minas Gerais
75%
Rio Grande do Sul
74%
Pernambuco
73%
Espírito Santo
71%
Pará
70%
Santa Catarina
68%
Amazonas
66%
Distrito Federal
66%
Paraíba
66%
Ceará
65%
Mato Grosso
63%
Rio Grande do Norte
63%
Alagoas
62%
Goiás
62%
Amapá
61%
Mato Grosso do Sul
60%
Piauí
60%
Roraima
60%
Rondônia
59%
Tocantins
59%
Maranhão
58%
Sergipe
56%
No matching quizzes found
Score Distribution
Percent of People with Each Score
Percentile by Number Answered
Your Score History
You have not taken this quiz